| 000 | 00560nam a2200193 u 4500 | ||
|---|---|---|---|
| 005 | 20210223130558.0 | ||
| 008 | 080804s2006 mx r 000 0 spa d | ||
| 020 | _a970291440X | ||
| 035 | _aUPN01000158826 | ||
| 049 | _aI | ||
| 050 | 4 |
_aQL678.5 _bW3.4 |
|
| 100 | 1 | _aWall, Julia | |
| 245 | 1 | 0 |
_aLarga vida para las aves / _cJulia Wall ; tr. Gilda Moreno Manzur. |
| 260 |
_aMéxico : _bSantillana, _c2006. |
||
| 300 |
_a24 p. : _bil. col. |
||
| 440 | 0 |
_aDivulgación integral. _p¡Escápate al mundo! |
|
| 650 | 4 |
_aAVES ACUATICAS _911897 |
|
| 905 | _aInfantil | ||
| 999 |
_c130940 _d130940 |
||